000 00260nam a22001217a 4500
008 171227b xxu||||| |||| 00| 0 eng d
041 _aeng
080 _a61
100 _a3
101 _aSHM
245 _aFAMILY MEDICAL GUIDE
_cCLAYMAN,CH,B
942 _2udc
_cBK
999 _c39498
_d39498